[Event "Frankfurt-chA"]
[Site "Frankfurt"]
[Date "2016.06.13"]
[Round "7"]
[White "Brehme, Ralf Peter"]
[Black "Ackermann, Robert"]
[Result "1-0"]
[WhiteElo "1856"]
[BlackElo "1658"]
[PlyCount "63"]
[EventDate "2016.04.25"]
[EventType "swiss"]
[EventRounds "9"]
[EventCountry "GER"]
[SourceTitle "EXT 2018"]
[Source "ChessBase"]
[SourceDate "2017.10.13"]
[SourceVersion "1"]
[SourceVersionDate "2017.10.13"]
[SourceQuality "1"]

1. f4 d5 2. Nf3 Nf6 3. g3 Bf5 4. Bg2 e6 5. 0-0 Be7 6. d3 0-0 7. Qe1 Nc6 8. c3 h6 9. h3 Rb8 10. Nbd2 d4 11. Nb3 dxc3 12. bxc3 Bh7 13. Bb2 a5 14. Rd1 a4 15. Nc1 Na5 16. e4 c6 17. Ba1 b5 18. Ne5 Qc7 19. d4 b4 20. cxb4 Bxb4 21. Qe2 c5 22. Ncd3 cxd4 23. Nxb4 Rxb4 24. Kh2 Rd8 25. Rc1 Qa7 26. Rfd1 Nd7 27. Qe1 Qb8 28. Bxd4 Nf6 29. Ba7 Rxe4 30. Bxb8 Rxb8 31. Bxe4 Bxe4 32. Qxa5 1-0

[Event "Frankfurt-chA"]
[Site "Frankfurt"]
[Date "2016.06.06"]
[Round "6"]
[White "Merten, Rainer"]
[Black "Brehme, Ralf Peter"]
[Result "1-0"]
[WhiteElo "1663"]
[BlackElo "1856"]
[PlyCount "71"]
[EventDate "2016.04.25"]
[EventType "swiss"]
[EventRounds "9"]
[EventCountry "GER"]
[SourceTitle "EXT 2018"]
[Source "ChessBase"]
[SourceDate "2017.10.13"]
[SourceVersion "1"]
[SourceVersionDate "2017.10.13"]
[SourceQuality "1"]

1. d4 f5 2. Nf3 Nf6 3. c4 g6 4. Nc3 Bg7 5. e3 0-0 6. Be2 d6 7. 0-0 Qe8 8. b4 c6 9. Bb2 Na6 10. Qb3 Kh8 11. a4 Be6 12. Qa3 Rc8 13. Rfd1 h6 14. Rac1 g5 15. d5 Bd7 16. dxc6 bxc6 17. c5 Nb8 18. cxd6 e5 19. b5 f4 20. bxc6 Bxc6 21. Bb5 g4 22. Bxc6 Rxc6 23. Nd2 Qg6 24. exf4 exf4 25. Nb5 Rxc1 26. Rxc1 a6 27. Nc7 Ne8 28. Bxg7+ Kxg7 29. Qb2+ Qf6 30. Qxb8 Nxd6 31. Qb3 Kg6 32. Qd3+ Kh5 33. Nxa6 g3 34. Qf3+ Kg6 35. hxg3 Nf5 36. Rc6 1-0

[Event "Frankfurt-ch"]
[Site "Frankfurt"]
[Date "2005.05.23"]
[Round "4"]
[White "Cors, Heinz Friedrich"]
[Black "Brehme, Ralf Peter"]
[Result "1/2-1/2"]
[WhiteElo "1970"]
[BlackElo "1790"]
[PlyCount "57"]
[EventDate "2005.04.25"]
[EventType "swiss"]
[EventRounds "7"]
[EventCountry "GER"]
[SourceTitle "EXT 2006"]
[Source "ChessBase"]
[SourceDate "2005.11.24"]
[SourceVersion "1"]
[SourceVersionDate "2005.11.24"]
[SourceQuality "1"]

1. e4 d5 2. exd5 Qxd5 3. Nc3 Qa5 4. d4 c6 5. Nf3 Nf6 6. Ne5 Be6 7. Nc4 Bxc4 8. Bxc4 e6 9. Qe2 Bd6 10. Bd2 Qc7 11. h3 Nbd7 12. 0-0 0-0 13. Rad1 Bh2+ 14. Kh1 Bf4 15. Qf3 Bxd2 16. Rxd2 Nb6 17. Bb3 Rfd8 18. Rfd1 Rd7 19. Ne4 Nxe4 20. Qxe4 Rad8 21. Rd3 Nd5 22. c3 Nf6 23. Qe2 b5 24. Bc2 Qb6 25. Rg3 c5 26. dxc5 Rxd1+ 27. Bxd1 Qxc5 28. Rd3 Rxd3 29. Qxd3 1/2-1/2

[Event "Frankfurt-ch"]
[Site "Frankfurt"]
[Date "2005.05.02"]
[Round "2"]
[White "Noble, Alexander"]
[Black "Brehme, Ralf Peter"]
[Result "1-0"]
[WhiteElo "1972"]
[BlackElo "1790"]
[PlyCount "69"]
[EventDate "2005.04.25"]
[EventType "swiss"]
[EventRounds "7"]
[EventCountry "GER"]
[SourceTitle "EXT 2006"]
[Source "ChessBase"]
[SourceDate "2005.11.24"]
[SourceVersion "1"]
[SourceVersionDate "2005.11.24"]
[SourceQuality "1"]

1. Nf3 f5 2. d4 Nf6 3. c4 g6 4. Nc3 Bg7 5. Qc2 0-0 6. g3 d6 7. Bg2 Qe8 8. d5 Na6 9. 0-0 c6 10. Be3 Ng4 11. Bf4 Ne5 12. Nd2 h6 13. h4 Ng4 14. a3 g5 15. hxg5 Qh5 16. Nf3 hxg5 17. Bxg5 f4 18. gxf4 Bf6 19. Ne4 Bxg5 20. Ng3 Qh6 21. fxg5 Qg7 22. Rad1 Nc5 23. Rd4 Rxf3 24. Rxg4 Bxg4 25. exf3 Bd7 26. b4 Na6 27. f4 Rf8 28. Qe4 c5 29. b5 Nc7 30. Re1 Rf7 31. Nh5 Qh7 32. g6 Qxh5 33. gxf7+ Qxf7 34. Qxe7 Bf5 35. Qd8+ 1-0

[Event "Bad Zwesten op 9th"]
[Site "Bad Zwesten"]
[Date "2005.01.07"]
[Round "8"]
[White "Brehme, Ralf Peter"]
[Black "Shkolnik, Boris"]
[Result "1/2-1/2"]
[WhiteElo "1786"]
[BlackElo "2290"]
[PlyCount "116"]
[EventDate "2005.01.02"]
[EventType "swiss"]
[EventRounds "9"]
[EventCountry "GER"]
[SourceTitle "CBM 104 Extra"]
[Source "ChessBase"]
[SourceDate "2005.03.01"]
[SourceVersion "1"]
[SourceVersionDate "2005.03.01"]
[SourceQuality "1"]

1. f4 d5 2. Nf3 e6 3. e3 Be7 4. b3 Nf6 5. Bb2 b6 6. Be2 Bb7 7. 0-0 Nbd7 8. Ne5 0-0 9. Bf3 Rc8 10. c4 Ba6 11. Nc6 Qe8 12. Nxa7 dxc4 13. Nxc8 Qxc8 14. bxc4 Bxc4 15. d3 Ba6 16. Qc2 Bc5 17. Re1 Bb7 18. d4 Be7 19. Nd2 c5 20. Rac1 Qa8 21. Bxb7 Qxb7 22. Kh1 Ra8 23. Qb3 Rb8 24. Qd1 Qa6 25. Ra1 c4 26. Qe2 Rc8 27. Rec1 b5 28. a4 Nb6 29. axb5 Qxb5 30. Bc3 Nfd5 31. Rab1 Qa4 32. e4 Nxf4 33. Qf1 Nd3 34. Rxb6 Nxc1 35. Qxc1 h6 36. Rb1 Bg5 37. g3 Qc6 38. Qe1 f5 39. h4 Bxd2 40. Bxd2 fxe4 41. Be3 c3 42. Rc1 c2 43. Qa5 Qc4 44. Kg1 Kh7 45. Qd2 Qc6 46. Qb4 Qd5 47. Qa4 Rc4 48. Qa2 Qc6 49. Kf2 Rc3 50. Qb2 Qc4 51. Re1 Qd3 52. Qc1 Qb5 53. Qd2 Qf5+ 54. Kg1 Qa5 55. Rc1 Qc7 56. Kg2 Rd3 57. Qe2 Rc3 58. Qd2 Rc4 1/2-1/2

[Event "Bad Zwesten op 9th"]
[Site "Bad Zwesten"]
[Date "2005.01.06"]
[Round "7"]
[White "Rafiee, Kayvan"]
[Black "Brehme, Ralf Peter"]
[Result "1/2-1/2"]
[WhiteElo "2027"]
[BlackElo "1786"]
[PlyCount "29"]
[EventDate "2005.01.02"]
[EventType "swiss"]
[EventRounds "9"]
[EventCountry "GER"]
[SourceTitle "CBM 104 Extra"]
[Source "ChessBase"]
[SourceDate "2005.03.01"]
[SourceVersion "1"]
[SourceVersionDate "2005.03.01"]
[SourceQuality "1"]

1. e4 d5 2. exd5 Qxd5 3. Nc3 Qa5 4. d4 c6 5. Nf3 Nf6 6. Bc4 Bf5 7. Bd2 Qb6 8. Bb3 e6 9. Qe2 Bb4 10. 0-0-0 Nbd7 11. h3 h5 12. Kb1 0-0-0 13. Na4 Qa5 14. Bxb4 Qxb4 15. Nc3 1/2-1/2

[Event "Bad Zwesten op 9th"]
[Site "Bad Zwesten"]
[Date "2005.01.05"]
[Round "5"]
[White "Reh, Philipp"]
[Black "Brehme, Ralf Peter"]
[Result "1/2-1/2"]
[WhiteElo "2106"]
[BlackElo "1786"]
[PlyCount "28"]
[EventDate "2005.01.02"]
[EventType "swiss"]
[EventRounds "9"]
[EventCountry "GER"]
[SourceTitle "CBM 104 Extra"]
[Source "ChessBase"]
[SourceDate "2005.03.01"]
[SourceVersion "1"]
[SourceVersionDate "2005.03.01"]
[SourceQuality "1"]

1. b3 f5 2. Bb2 Nf6 3. Nf3 d6 4. d4 g6 5. g3 Bg7 6. Bg2 0-0 7. 0-0 c6 8. c4 e5 9. dxe5 Ng4 10. Qd2 dxe5 11. Qxd8 Rxd8 12. h3 e4 13. Bxg7 exf3 14. exf3 Kxg7 1/2-1/2

[Event "Bad Zwesten op 9th"]
[Site "Bad Zwesten"]
[Date "2005.01.04"]
[Round "4"]
[White "Brehme, Ralf Peter"]
[Black "Schneider, Jannes"]
[Result "1-0"]
[WhiteElo "1786"]
[BlackElo "1187"]
[PlyCount "43"]
[EventDate "2005.01.02"]
[EventType "swiss"]
[EventRounds "9"]
[EventCountry "GER"]
[SourceTitle "CBM 104 Extra"]
[Source "ChessBase"]
[SourceDate "2005.03.01"]
[SourceVersion "1"]
[SourceVersionDate "2005.03.01"]
[SourceQuality "1"]

1. f4 d5 2. Nf3 Nf6 3. e3 c5 4. b3 Nc6 5. Bb5 Qb6 6. Bxc6+ bxc6 7. Bb2 Ba6 8. Ne5 d4 9. Qf3 dxe3 10. Qxe3 e6 11. Na3 Nd5 12. Qf3 f6 13. Qh5+ g6 14. Nxg6 Rg8 15. Ne5+ Kd8 16. Qf7 Ne7 17. Nec4 Qc7 18. Bxf6 Kc8 19. Bxe7 Bxe7 20. Qxg8+ Kb7 21. Qxe6 Rf8 22. Na5+ 1-0

[Event "Bad Zwesten op 9th"]
[Site "Bad Zwesten"]
[Date "2005.01.03"]
[Round "2"]
[White "Brehme, Ralf Peter"]
[Black "Collmann, Timm"]
[Result "1-0"]
[WhiteElo "1786"]
[BlackElo "1364"]
[PlyCount "72"]
[EventDate "2005.01.02"]
[EventType "swiss"]
[EventRounds "9"]
[EventCountry "GER"]
[SourceTitle "CBM 104 Extra"]
[Source "ChessBase"]
[SourceDate "2005.03.01"]
[SourceVersion "1"]
[SourceVersionDate "2005.03.01"]
[SourceQuality "1"]

1. f4 b6 2. Nf3 Bb7 3. e3 Nf6 4. b3 e6 5. Bb2 Be7 6. g3 d6 7. Bg2 c5 8. 0-0 Qc7 9. d3 Nbd7 10. e4 h5 11. Qe2 Rg8 12. Nbd2 0-0-0 13. a4 Ba6 14. Rfc1 Nb8 15. c3 Nh7 16. b4 g5 17. b5 Bb7 18. f5 g4 19. Nh4 e5 20. a5 Bxh4 21. gxh4 a6 22. axb6 Qxb6 23. bxa6 Bxa6 24. Rab1 c4+ 25. d4 Qc7 26. Qe3 Nf6 27. Ba3 g3 28. h3 Nfd7 29. Rc2 Nb6 30. Rcb2 N8d7 31. Bb4 Na4 32. Ra2 Ndb6 33. Ba5 exd4 34. Qxd4 Qc5 35. Bxb6 Qxd4+ 36. Bxd4 Nc5 1-0

[Event "Bad Zwesten op 9th"]
[Site "Bad Zwesten"]
[Date "2005.01.03"]
[Round "3"]
[White "Rohde, Torsten"]
[Black "Brehme, Ralf Peter"]
[Result "1-0"]
[WhiteElo "2147"]
[BlackElo "1786"]
[PlyCount "104"]
[EventDate "2005.01.02"]
[EventType "swiss"]
[EventRounds "9"]
[EventCountry "GER"]
[SourceTitle "CBM 104 Extra"]
[Source "ChessBase"]
[SourceDate "2005.03.01"]
[SourceVersion "1"]
[SourceVersionDate "2005.03.01"]
[SourceQuality "1"]

1. e4 d5 2. exd5 Qxd5 3. Nc3 Qa5 4. Bc4 Nf6 5. d3 c6 6. Bd2 Qb6 7. Bb3 Bf5 8. Qe2 e6 9. f3 Be7 10. 0-0-0 h5 11. h4 Nbd7 12. Nh3 Bxh3 13. Rxh3 0-0-0 14. g4 Rhe8 15. g5 Nd5 16. g6 fxg6 17. Na4 Qd4 18. Qe4 Qxe4 19. fxe4 Nc7 20. Rg1 Rf8 21. Kd1 Ne5 22. Ke2 Ng4 23. Rg2 b6 24. Nc3 Rf7 25. Be1 Bd6 26. Nd1 Kd7 27. Nf2 Nxf2 28. Bxf2 Rdf8 29. Be1 Rf6 30. Bc3 e5 31. Rhg3 Ne6 32. Bxe6+ Kxe6 33. Rxg6 Bc5 34. b4 Bd4 35. Bxd4 exd4 36. Rxg7 Rf4 37. Rh2 R8f7 38. Rg5 Rh7 39. Kd2 Kd6 40. c3 c5 41. bxc5+ bxc5 42. cxd4 cxd4 43. Rd5+ Ke6 44. Rxd4 Rb7 45. Ke3 Rg4 46. Rd5 Rg3+ 47. Kd4 Rb4+ 48. Kc5 Ra4 49. Kb5 Ra3 50. Rd2 Rg1 51. Kb4 Ra6 52. Rxh5 Rc1 1-0

[Event "Bad Zwesten op 9th"]
[Site "Bad Zwesten"]
[Date "2005.01.02"]
[Round "1"]
[White "Sobolevsky, Leonid"]
[Black "Brehme, Ralf Peter"]
[Result "1-0"]
[WhiteElo "2354"]
[BlackElo "1786"]
[PlyCount "67"]
[EventDate "2005.01.02"]
[EventType "swiss"]
[EventRounds "9"]
[EventCountry "GER"]
[SourceTitle "CBM 104 Extra"]
[Source "ChessBase"]
[SourceDate "2005.03.01"]
[SourceVersion "1"]
[SourceVersionDate "2005.03.01"]
[SourceQuality "1"]

1. e4 d5 2. exd5 Qxd5 3. Nc3 Qa5 4. d4 c6 5. Nf3 Nf6 6. Ne5 Be6 7. Nc4 Bxc4 8. Bxc4 e6 9. 0-0 Bb4 10. Qd3 0-0 11. Ne2 Bd6 12. f4 Nbd7 13. Bd2 Qb6 14. Kh1 Rad8 15. b4 Qc7 16. Bb3 b6 17. c3 c5 18. Qf3 c4 19. Bc2 Rfe8 20. g4 g6 21. Ng3 Nf8 22. Ba4 Re7 23. h3 a6 24. Kg2 b5 25. Bc2 Qb7 26. Ne4 Nxe4 27. Bxe4 Qc7 28. a4 f5 29. Bc6 Rb8 30. axb5 axb5 31. Ra5 Qb6 32. Rxb5 Qxb5 33. Bxb5 Rxb5 34. Qc6 1-0